00757 2200265 4500001002100000005001500021035002500036007000300061008004100064020002200105040001700127082001600144084001800160100002300178245006100201250002000262260003700282300004200319650003000361850001200391090002200403090002200425999002200447990002200469INLIS00000000002644720200401085348 a0010-031700000000557ta170327s2015 yoi g ind d a978-602-371-082-9 aYOPDYOGbind04222a808.301 a808.301 CAR k0 aCarmantyoepenulis00aKontrafiksi :bantara kontradiksi dan fiksi /cCarmantyo aCetakan pertama3 aYogyakarta :bLeutikaprio,c2015 ax, 222 halaman :bilustrasi ;c19 cm. 4aCerita pendek--vKumpulan aYOPDYOG aDEP 808.301 CAR k aCB-D.11 2015-2142 aCB-D.11/2015-2142 aCB-D.11/2015-2142